| 000 | 00491nam a2200181Ia 4500 | ||
|---|---|---|---|
| 005 | 20250508153642.0 | ||
| 008 | 008 250505s9999 xx 000 0 eng d | ||
| 037 | _aBooks to be hide in OPAC | ||
| 040 |
_aFEDL _beng _cFEDL |
||
| 041 |
_aeng _2eng |
||
| 084 |
_a371.3, BLY/O _qFEDL |
||
| 100 | _aBlyton Enid Ed. | ||
| 245 | 0 | _aModern teaching in the infant school. Vol 3 | |
| 300 | _ax,258p. | ||
| 490 | _vVol 3 | ||
| 942 |
_cHB _h371.3, BLY/O |
||
| 999 |
_c1344627 _d1344627 |
||